000 01176cam a2200241 4500
001 X123493
008 030904n2003 000 0 eng u
035 _a(Sirsi) u123493
245 _aAsbestos and professional indemnity insurance
260 _c2003
490 _aRICS News Service
_v 3 September 2003 (1)
520 _aThe new HSE "Control of asbestos at work regulations" 2002 also puts the spotlight on Professional Indemnity Insurance (PII) for asbestos claims. RICS has issued a new minimum policy wording, effective from July 2003. Included is an exclusion for asbestos and RICS has also negotiated a 'buy-back' facility for members, of cover for £250 000 in the aggregate. http://www.rics.org/ricscms/bin/show?class=Feature&template=/includes/showfeature.html&id=749. RICS asbestos web site, http://www.rics.org/asbestos.
590 _aWB
650 _aMANAGEMENT-HEALTH AND SAFETY-HAZARDOUS SUBSTANCES-ASBESTOS
650 _aPROFESSIONAL INDEMNITY INSURANCE
650 _aRICS
650 _aHSE
650 _aCONTROL OF ASBESTOS AT WORK REGULATIONS 2002
650 _aCIVIL LIABILITY
650 _aCLAIMS
690 _aInsurance
_96249
942 _n0
999 _c73351
_d73351